The Weeknd - My Dear Melancholy, Tracklist - Statistics

General Stats
  • This quiz has been taken 630 times
  • The average score is 5 of 6
Answer Stats
Album Song % Correct
My Dear Melancholy, Call Out My Name
98%
My Dear Melancholy, I Was Never There
95%
My Dear Melancholy, Try Me
93%
My Dear Melancholy, Hurt You
86%
My Dear Melancholy, Privilege
84%
My Dear Melancholy, Wasted Times
84%
No matching quizzes found
Score Distribution
Percent of People with Each Score
Percentile by Number Answered
Your Score History
You have not taken this quiz